| 000 | 00972nam a2200217Ia 4500 | ||
|---|---|---|---|
| 003 | OSt | ||
| 005 | 20200729175454.0 | ||
| 008 | 191128s2011 ck fr 100 0 spa d | ||
| 040 |
_aCO-JMCR _cCO-JMCR |
||
| 041 | 0 | _aspa | |
| 082 | 0 | 4 |
_a342.02 / _bS471r _223 |
| 111 | 2 |
_aSeminario Internacional Instituciones Judiciales y Democracia _d(2010 : _cBogotá) _98138 |
|
| 245 | 1 | 0 |
_aReflexiones con ocasión del bicentenario de la independencia y del centenario del acto legislativo 3 de 1910 : _binstituciones judiciales y democracia |
| 260 |
_aBogotá : _bConsejo de Estado. Sala de Consulta y Servicio Civil, _c2011 |
||
| 300 |
_a612 páginas ; _c24 cm. |
||
| 504 | _aBibliografía al final de algunos capítulos. | ||
| 505 | 0 | _aInstalación -- La perspectiva comparada -- La experiencia Colombiana | |
| 650 | 1 | 4 |
_aDerecho constitucional _xcongresos, conferencias, etc _98139 |
| 650 | 1 | 4 |
_aControl de constitucionalidad _xcongresos, conferencias, etc. _98140 |
| 942 |
_2ddc _cBK |
||
| 999 |
_c4295 _d4295 |
||